[Event "Budapest Art Pub Cup 6th"]
[Site "Budapest"]
[Date "2015.01.02"]
[Round "2"]
[White "Lengyel, Andrea"]
[Black "Vargyas, Zoltan"]
[Result "0-1"]
[WhiteElo "1711"]
[BlackElo "2040"]
[PlyCount "67"]
[EventDate "2015.01.02"]
[EventType "swiss"]
[EventRounds "6"]
[EventCountry "HUN"]
[SourceTitle "CBM 164 Extra"]
[Source "ChessBase"]
[SourceDate "2015.03.02"]
[SourceVersion "1"]
[SourceVersionDate "2015.03.02"]
[SourceQuality "1"]

1. d4 Nf6 2. c4 e6 3. Nf3 b6 4. e3 Bb7 5. Bd3 c5 6. b3 cxd4 7. exd4 Bb4+ 8. Nbd2 Bc3 9. Rb1 Bxf3 10. Qxf3 Nc6 11. Bb2 Bxb2 12. Rxb2 Nxd4 13. Qe3 Nc6 14. Ne4 0-0 15. Qh3 Nxe4 16. Bxe4 g6 17. 0-0 Rc8 18. Rd2 Qe7 19. Rfd1 Rfd8 20. Qf3 Ne5 21. Qg3 f6 22. f4 Nc6 23. Qf3 a5 24. Bxc6 dxc6 25. Qxc6 Rxc6 26. Rxd8+ Kf7 27. R8d7 e5 28. Rxe7+ Kxe7 29. fxe5 fxe5 30. Kf2 Rd6 31. Rxd6 Kxd6 32. Ke3 Kc5 33. a3 a4 34. Kd3 0-1